UBT Library

HOW TO STUDY AND OTHER SKILLS SUCCESS IN COLLEGE (Record no. 29541)

000 -LEADER
fixed length control field 00295nam a22001217a 4500
008 - FIXED-LENGTH DATA ELEMENTS--GENERAL INFORMATION
fixed length control field 170925b xxu||||| |||| 00| 0 eng d
041 ## - LANGUAGE CODE
Language code of text/sound track or separate title eng
080 ## - UNIVERSAL DECIMAL CLASSIFICATION NUMBER
Universal Decimal Classification number 37
100 ## - Rafti
Rafti 46
101 ## - Shkurtesa
Shkurtesa EDU
245 ## - TITLE STATEMENT
Title HOW TO STUDY AND OTHER SKILLS SUCCESS IN COLLEGE
Statement of responsibility, etc DEESE.J
942 ## - ADDED ENTRY ELEMENTS (KOHA)
Source of classification or shelving scheme
Item type Books
Holdings
Withdrawn status Lost status Source of classification or shelving scheme Damaged status Not for loan Collection code Permanent location Current location Shelving location Date acquired Total Checkouts Full call number Barcode Date last seen Price effective from Koha item type
          Koleksioni i përgjithshem UBT - Lipjan UBT - Lipjan Koleksioni i përgjithshem 09/25/2017   37 DEE 002-2926878 09/25/2017 09/25/2017 Books
          Koleksioni i përgjithshem UBT - Lipjan UBT - Lipjan Koleksioni i përgjithshem 09/25/2017   37 DEE 002-2926873 09/25/2017 09/25/2017 Books
          Koleksioni i përgjithshem UBT - Lipjan UBT - Lipjan Koleksioni i përgjithshem 09/25/2017   37 DEE 002-2926868 09/25/2017 09/25/2017 Books
          Koleksioni i përgjithshem UBT - Lipjan UBT - Lipjan Koleksioni i përgjithshem 09/25/2017   37 DEE 002-2926863 09/25/2017 09/25/2017 Books
          Koleksioni i përgjithshem UBT - Lipjan UBT - Lipjan Koleksioni i përgjithshem 09/25/2017   37 DEE 002-2926858 09/25/2017 09/25/2017 Books
          Koleksioni i përgjithshem UBT - Lipjan UBT - Lipjan Koleksioni i përgjithshem 09/25/2017   37 DEE 002-2926843 09/25/2017 09/25/2017 Books
UBT Library © 2015-2024. All rights reserved University Education for Business and Technology